000 00815nam a2200265Ia 4500
003 OSt
005 20220927120055.0
006 a|||||r|||| 00| 0
007 ta
008 220926b |||||||| |||| 00| 0 eng d
020 _c3690.39
024 _a75867
037 _b"SBD/8239, 19/12/2000,"
_cReference Collections
040 _aRTL
_cRTL
_beng
041 _2eng
_aeng
082 _a"XM8n, RR"
100 _aGray H.Peter
_9391498
245 0 _aResearch in international business and finance
260 _aStanford
_bJai Press
_c1999
300 _a212p
_ccm.
490 _vV 13 1999: The quest for exchange ratc stability in next millennium (212p)
650 _aMultinational
942 _h"XM8n, RR"
_cCC
999 _c707167
_d707167